| 000 | 00482nam a22001937a 4500 | ||
|---|---|---|---|
| 003 | MPLRDC | ||
| 005 | 20220104145058.0 | ||
| 008 | 210129b ||||| |||| 00| 0 eng d | ||
| 020 | _a7-80656-804-2 | ||
| 082 | _a859.61 CYL v.1 | ||
| 100 | _a陈一乐等编写 | ||
| 245 |
_a影响世界的发明, 上册 _c |
||
| 250 | _a初版 | ||
| 260 |
_a _b百家出版社 _c2003 |
||
| 300 | _b平 | ||
| 490 | _a海豚卡通丛书 | ||
| 650 | _a儿童知识 | ||
| 942 |
_cBK _o859.61 CYL v.1 |
||
| 999 |
_c51123 _d51113 |
||